ATOS放送の導入駅 - Statistics

General Stats
  • This quiz has been taken 14 times
  • The average score is 290 of 344
Answer Stats
支社 Answer % Correct
首都圏本部 東京
100%
神田
100%
秋葉原
100%
御徒町
100%
上野
100%
鶯谷
100%
日暮里
100%
西日暮里
100%
田端
100%
駒込
100%
巣鴨
100%
大塚
100%
池袋
100%
目白
100%
高田馬場
100%
新大久保
100%
新宿
100%
代々木
100%
原宿
100%
渋谷
100%
恵比寿
100%
目黒
100%
五反田
100%
大崎
100%
品川
100%
高輪ゲートウェイ
100%
田町
100%
浜松町
100%
新橋
100%
有楽町
100%
四ツ谷
100%
市ケ谷
100%
飯田橋
100%
水道橋
100%
大井町
86%
大森
86%
蒲田
86%
上中里
86%
王子
86%
東十条
86%
赤羽
86%
板橋
86%
十条
86%
北赤羽
86%
浮間舟渡
86%
西荻窪
86%
荻窪
86%
阿佐ケ谷
86%
高円寺
86%
中野
86%
東中野
86%
大久保
86%
千駄ケ谷
86%
信濃町
86%
西大井
86%
新日本橋
86%
馬喰町
86%
三河島
86%
南千住
86%
北千住
86%
亀有
86%
金町
86%
松戸
86%
北松戸
86%
馬橋
86%
新松戸
86%
北小金
86%
南柏
86%
86%
北柏
86%
我孫子
86%
天王台
86%
取手
86%
八丁堀
86%
越中島
86%
南流山
86%
八王子支社 吉祥寺
86%
三鷹
86%
武蔵境
86%
東小金井
86%
武蔵小金井
86%
国分寺
86%
西国分寺
86%
国立
86%
立川
86%
日野
86%
豊田
86%
八王子
86%
西八王子
86%
高尾
86%
相模湖
86%
藤野
86%
上野原
86%
四方津
86%
梁川
86%
鳥沢
86%
猿橋
86%
大月
86%
笹子
86%
甲斐大和
86%
勝沼ぶどう郷
86%
塩山
86%
東山梨
86%
山梨市
86%
甲府
86%
西立川
86%
東中神
86%
中神
86%
昭島
86%
拝島
86%
福生
86%
羽村
86%
小作
86%
東青梅
86%
青梅
86%
東秋留
86%
秋川
86%
武蔵引田
86%
武蔵五日市
86%
稲城長沼
86%
南多摩
86%
府中本町
86%
分倍河原
86%
矢川
86%
西国立
86%
相原
86%
八王子みなみ野
86%
片倉
86%
北府中
86%
新小平
86%
新秋津
86%
東所沢
86%
新座
86%
横浜支社 川崎
86%
鶴見
86%
新子安
86%
東神奈川
86%
横浜
86%
保土ケ谷
86%
東戸塚
86%
戸塚
86%
大船
86%
辻堂
86%
茅ケ崎
86%
平塚
86%
大磯
86%
二宮
86%
国府津
86%
鴨宮
86%
小田原
86%
早川
86%
根府川
86%
真鶴
86%
湯河原
86%
新川崎
86%
武蔵小杉
86%
桜木町
86%
関内
86%
石川町
86%
山手
86%
根岸
86%
磯子
86%
新杉田
86%
洋光台
86%
港南台
86%
本郷台
86%
尻手
86%
鹿島田
86%
武蔵中原
86%
武蔵新城
86%
武蔵溝ノ口
86%
登戸
86%
稲田堤
86%
菊名
86%
新横浜
86%
小机
86%
中山
86%
淵野辺
86%
相模原
86%
橋本
86%
千葉支社 錦糸町
86%
亀戸
86%
平井
86%
新小岩
86%
小岩
86%
市川
86%
本八幡
86%
下総中山
86%
西船橋
86%
船橋
86%
東船橋
86%
津田沼
86%
幕張本郷
86%
幕張
86%
新検見川
86%
稲毛
86%
西千葉
86%
千葉
86%
新木場
86%
潮見
86%
葛西臨海公園
86%
舞浜
86%
新浦安
86%
市川塩浜
86%
二俣新町
86%
南船橋
86%
新習志野
86%
幕張豊砂
86%
海浜幕張
86%
検見川浜
86%
稲毛海岸
86%
千葉みなと
86%
蘇我
86%
新八柱
86%
市川大野
86%
船橋法典
86%
大宮支社 川口
86%
西川口
86%
86%
南浦和
86%
浦和
86%
北浦和
86%
与野
86%
さいたま新都心
86%
大宮
86%
戸田公園
86%
戸田
86%
北戸田
86%
武蔵浦和
86%
中浦和
86%
南与野
86%
与野本町
86%
北与野
86%
日進
86%
西大宮
86%
指扇
86%
南古谷
86%
川越
86%
土呂
86%
東大宮
86%
蓮田
86%
白岡
86%
新白岡
86%
久喜
86%
東鷲宮
86%
栗橋
86%
古河
86%
野木
86%
間々田
86%
小山
86%
小金井
86%
自治医大
86%
石橋
86%
雀宮
86%
宇都宮
86%
岡本
86%
宝積寺
86%
氏家
86%
蒲須坂
86%
西那須野
86%
那須塩原
86%
黒磯
86%
北朝霞
86%
西浦和
86%
東浦和
86%
東川口
86%
南越谷
86%
越谷レイクタウン
86%
吉川
86%
吉川美南
86%
新三郷
86%
三郷
86%
高崎支社 宮原
86%
上尾
86%
北上尾
86%
桶川
86%
北本
86%
鴻巣
86%
北鴻巣
86%
吹上
86%
行田
86%
熊谷
86%
籠原
86%
深谷
86%
岡部
86%
本庄
86%
神保原
86%
龍ケ崎市
86%
牛久
86%
ひたち野うしく
86%
高浜
86%
石岡
86%
東北本部 仙台
86%
長野支社 松本
86%
初狩
71%
春日居町
71%
石和温泉
71%
牛浜
71%
河辺
71%
熊川
71%
武蔵増戸
71%
矢野口
71%
西府
71%
谷保
71%
久里浜
71%
衣笠
71%
横須賀
71%
田浦
71%
逗子
71%
東逗子
71%
鎌倉
71%
北鎌倉
71%
矢向
71%
向河原
71%
津田山
71%
宿河原
71%
中野島
71%
大口
71%
鴨居
71%
十日市場
71%
長津田
71%
町田
71%
古淵
71%
矢部
71%
東松戸
71%
片岡
71%
矢板
71%
野崎
71%
水戸支社 藤代
71%
荒川沖
71%
土浦
71%
神立
71%
尾久
57%
酒折
57%
平間
57%
久地
57%
成瀬
57%
羽鳥
57%
木更津
29%
的場
29%
笠幡
29%
武蔵高萩
29%
No matching quizzes found
Score Distribution
Percent of People with Each Score
Percentile by Number Answered
Your Score History
You have not taken this quiz